000 00624ntaaa2200205 4500
003 01
005 20251027202204.0
008 0714s1973 ag 01
040 _aAR-BaBN
_bspa
_cAR-BaBN
_eaacr
_dRIC
082 _a267.4000 C83
100 _aCox, Ethlene Boone
_920430
245 _aFollowing in his train
250 _a1 ed.
260 _aNashville :
_bBroadman Press,
_cc1938
300 _a217 p
500 _aA history of the Woman's Missionary Union.Ej. 2 (7753) retirado definitivamente de biblioteca
650 _aUnión femenil misionera
_917041
650 _amisiones-Unión femenil misionera
_920431
942 _cBK
999 _c16817
_d16817